000 00390nam a2200133Ia 4500
008 190722s9999 xx 000 0 und d
020 _a978-81-265-5427-0
100 _aSilberschatz, Galvin, Gagne
245 0 _aOperating System Concepts
260 _aNew Delhi (India)
_bWiley India PVt. Ltd. / John Wiley & Sons (Asia) Pte. Ltd.
_c2016
300 _a858p.:
942 _cBK
942 _e9th Ed.
999 _c948
_d948